| 000 | 01109nam2a2200241 4500 | ||
|---|---|---|---|
| 001 | rc\2644801 | ||
| 005 | 20260315070637.0 | ||
| 035 | _a(NLR Aleph) 007201466 | ||
| 090 |
_a13627557 _c13627557 |
||
| 100 | _a20110608d1933 u y0rusy50 ca | ||
| 101 | 0 |
_aeng _arus |
|
| 102 | _aRU | ||
| 105 | _ay z ||||| | ||
| 200 | 1 |
_aМесторождения плавикового шпата в Юго-восточном Забайкалье _fН.Н. Павлов |
|
| 210 | _d1933 | ||
| 461 | 0 |
_1001rc\2644798 _12001#$aТруды Дальневосточного горного института$e№ 1.-$vВып. 3 _97633443 _aДальневосточный горный институт (Владивосток) _cВладивосток _d1932 _nБ. и. _o№ 1.- _tТруды Дальневосточного горного института _vВып. 3 |
|
| 700 | 1 |
_7ca _8rus _aПавлов _bН. Н. _cгеолог _gНиколай Николаевич _9248920 _3RU\NLR\AUTH\770248976 |
|
| 801 | 0 |
_aRU _bNLR _gpsbo |
|
| 801 | 1 |
_aRU _bELAR _2rusmarc |
|
| 852 |
_aNLR _j32-19/639 |
||
| 942 | _cUNSPEC | ||
| 980 | _aNB | ||